000 00814cam a22002531 4500
001 17607
003 BD-RjUL
005 20211209000151.0
008 140217r19641952inu 001 1 eng d
035 _a(BD-RjUL)17665
040 _aDLC
_cDLC
_dDLC
_dBD-RjUL
_beng
041 _aeng
082 0 0 _a822.33
_bEVL 1964
100 1 _aEvans, B. Ifor
_q(Benjamin Ifor),
_d1899-1982.
_954275
245 1 4 _aThe language of Shakespeare's plays /
_c Ifor, Evans B.
260 _aBloomington :
_bIndiana University Press,
_c1952. [Reprinted 1964]
300 _a190 p. ;
_c22 cm.
504 _aIncludes Index
600 1 0 _aShakespeare, William,
_d1564-1616
_xLanguage.
_954280
650 0 _aEnglish language
_yEarly modern, 1500-1700
_xStyle.
_954277
942 _2ddc
_cBK
999 _c17607
_d17607